000 01187nam a22003497a 4500
003 CHAP
005 20220329133611.0
008 971013s1991 r 00010 d
010 _a8409
011 _a9381
035 _a8616
040 _cCHAP
090 _aTesis
100 0 0 _aSantos Aguirre, Andrés Víctor.
_9102449
245 _aEstudios fenológicos del granjeno (Celtis padilla Torr.) en cuatro minicipios del estado de Nuevo León, 1989
260 _aMarín, N. L. :
_bEl autor,
_c1991
300 _a78 h.
_b; gráfs
502 _aTesis (Ing. Agr. Fitotecnista) -- UANL. Fac. de Agronomía
590 _aALEPH
_b10
_c20130110
_lUCH01
_h1222
590 _aBATCH-UPD
_b10
_c20130110
_lUCH01
_h0118
590 _aBATCH-UPD
_b10
_c20130110
_lUCH01
_h1824
590 _aBATCH-UPD
_b10
_c20130410
_lUCH01
_h1157
590 _aBATCH-UPD
_b10
_c20130914
_lUCH01
_h0907
590 _aCONVERSION
_b10
_c20130109
_lUCH01
_h1306
650 1 4 _aArbustos
_xEfecto del medio ambiente.
_96724
650 1 4 _aArbustos
_xNuevo Leon.
_96736
650 1 4 _aCeltis padilla.
_920914
650 1 4 _aFenología.
_940043
901 _aBK
942 _cTESIS
949 _bBC
_cTES
_d-18883
_eTS1
_h25974
_i8616
_mD
_si
999 _c8409
_d8409